01279nab a22001817a 4500003000400000005001700004008004100021040000700062100003100069245014400100300001500244505058600259505007200845650002300917650002600940650002800966773010300994OSt20260109030152.0190514b xxu||||| |||| 00| 0 spa d cPJ aRodríguez, María Laura13aEvaluación diagnóstica de las capacidades ma-parentales :bcontribuciones desde el trabajo social forense /cMaría Laura Rodríguez. ap. 166-174 aSumario: I. Introducción.— II. Una aproximación a la definición de capacidades ma-parentales.— III. De la familia nuclear a la pluralidad familiar. Contexto socioeconómico.— IV. El ejercicio del rol de cuidado con perspectiva de género.— V. El lugar de lxs niñxs y adolescentes en la sociedad.— VI. Pensar las capacidades ma-parentales desde la interseccionalidad.— VII. Proceso metodológico para la evaluación de las capacidades ma-parentales.— VIII. Dimensiones para la evaluación de las capacidades ma-parentales.— IX. Algunas palabras finales. tSi te interesa el texto, comunicate a koha@justierradelfuego.gov.ar 0aDERECHO DE FAMILIA 0aRELACIONES DE FAMILIA 0aPERSPECTIVA DE GÉNERO0 02844dBuenos Aires : AbeledoPerrot, 1989-tDerecho de familia. N° 121 - Septiembre 2025z18511201